| 000 | 003560000a22001570004500 | ||
|---|---|---|---|
| 001 | 003779 | ||
| 003 | MACL | ||
| 040 | _aMACL | ||
| 090 |
_c15772 _d15771 |
||
| 100 | _aPocahontas, | ||
| 245 |
_aFairy Land Read and Colour _bOther Stories _cPocahontas |
||
| 260 | _aAngal Publicatons House | ||
| 350 | _a25 | ||
| 650 | _aChildren's Book | ||
| 942 |
_k742 _cBook |
||
| 999 |
_c15672 _d15672 |
||